| 000 | 00427 a2200169 4500 | ||
|---|---|---|---|
| 001 | 70243 | ||
| 020 | _a | ||
| 040 | _cAnchieta - Itaigara | ||
| 100 | _aBarros, Fabiana | ||
| 240 | 1 | 0 |
_aFarfalinha e o rei que não sabia pedir socorro _lpor |
| 245 | 1 | 0 | _aFarfalinha e o rei que não sabia pedir socorro |
| 300 | _a36 | ||
| 362 | 0 | _a2015 | |
| 440 | 1 | _aEditora Suméria | |
| 650 | 4 | _aLiteratura infanto-juvenil | |
| 942 | _cBK | ||
| 999 |
_c70243 _d70243 |
||